| 000 | 01674nam a2200229Ia 4500 | ||
|---|---|---|---|
| 003 | Ost | ||
| 005 | 20260507075239.0 | ||
| 008 | 260507s9999||||xx |||||||||||||| ||und|| | ||
| 040 | _cfsecg | ||
| 041 | _aara | ||
| 082 | _a330 | ||
| 100 |
_aالعنزي، سعد علي _eمؤلف |
||
| 245 | 0 |
_aالتحالفات الإستراتيجية في منظمات الأعمال : _bمفاهيم -مداخل -تطبيقات / _c سعد علي العنزي |
|
| 260 |
_aعمان: _bدار اليازوري, _c2011 |
||
| 300 |
_a428 صفحة؛ _bإيضاحات ؛ _c24 سم |
||
| 504 | _aمراجع : لكل فصل مرجع ؛ ملاحق ص.401 | ||
| 520 | _aمفهوم التحالفات الاستراتيجية و دوافعها على مستوى منظمات الاعمال : أنواع التحالفات الاستراتيجية و تصنيفاتها ، منظورات التحالف الاستراتيجي في اطار حاكمية الشركة ، ديناميكيات التعاون بين منظمات الاعمال و استراتيجياتها ،فلسفة التنافسية في ادارة الاعمال و ديناميكياتها ، دراسات مرجعية مهمة في التحالفات الاستراتيجية ، دراسة حالة في تشخيص تشكيل التحالفات الاستراتيجية في منظمات الاعمال ، اختبار علاقات الارتباط و التأثير بيين متغيرات تشكيل التحالفات الاستراتيجية . | ||
| 653 | _aإدارة الأعمال | ||
| 653 | _aمنظمات الأعمال | ||
| 700 |
_aراضي، جواد محسن _eمؤلف ثانوي |
||
| 942 | _cكتاب | ||
| 999 |
_c43608 _d43608 |
||